Geostatistical applications for precision agriculture

Gespeichert in:
Bibliographische Detailangaben
Weitere Verfasser: Oliver, Margaret A. (HerausgeberIn)
Format: Buch
Sprache:Englisch
Veröffentlicht: Dordrecht Springer 2010
Schlagworte:
Tags: Tag hinzufügen
Keine Tags, Fügen Sie den ersten Tag hinzu!

MARC

LEADER 00000nam a2200000 a 4500
001 UCG5975
003 CL-VaPUC
008 110331e20100000ne |||||||||||||||||eng|d
020 |a 9789048191321 
082 0 4 |a 519.5  |b OLI  |2 21 
100 |a Oliver, Margaret A.  |e editor  |9 555940 
245 1 0 |a Geostatistical applications for precision agriculture 
300 |a 331 p 
942 |c BK 
945 |d 20110331 00:00:00  |a dcastane 
260 |a Dordrecht  |b Springer  |c 2010 
650 0 |a Estadística matemática  |9 260028 
650 0 |a Análisis espacial   |9 270828 
650 0 |a Modelos matemáticos   |9 259437 
650 7 |a GEOESTADISTICA  |2 CL-VaPUC  |9 555941 
650 0 |a Análisis de datos georreferenciados  |9 529918 
650 7 |a MODELOS ESPACIALES  |2 CL-VaPUC  |9 555943 
583 |a last modification  |c 20171213 05:57:54  |k Rodrigo Vera 
999 |c 344299  |d 344297 
952 |0 0  |1 0  |4 0  |6 519_500000000000000_OLI_2010  |7 0  |8 A  |9 442209  |a BIBAGR  |b BIBAGR  |d 2019-11-22  |i 4758773  |o 519.5 OLI 2010  |p 4758773  |r 2025-01-20  |w 2019-11-22  |y BK  |k AGR